Quizzes
Events
Quiz Creation
Community
Videos
Private Events
Remove Ads
Sign In
Join for FREE
Feedback
Dark Mode
Quiz Categories
Sports
Geography
Music
Movies
Television
Just For Fun
Miscellaneous
History
Literature
Language
Science
Gaming
Entertainment
Religion
Holiday
For Kids
Quiz Lab
Recent
Popular Today
Quiz Kudos Today
Editor Picks
Curator Picks
Quizzes by...
Day
Popularity
Type
Ratings
Length
Year
Community
Subscriptions
Recent Discussions
Orange Saloon
Badges
Playlists
Quests
Create
Leaderboards
Showdown
Live 5
Trivia Bingo
Activity
Puzzle Library
Sporcle Events
Private Events
Virtual Trivia
Globe League
Become a Host
Pub Owners
SporcleCon
Opinionation
Our Games
Videos
Blog
Mobile Apps
Partnerships
Remove Ads and Go Orange
Feedback
Gaming
Video Games
Board Games
Card Games
Pokémon
Mario
Nintendo
Minecraft
Console
Toys
Legend of Zelda
Gaming
Video Games
Board Games
Card Games
Pokémon
Mario
Nintendo
Minecraft
Console
Toys
Legend of Zelda
Random Quiz
Search Sporcle
×
Quiz Lab
Quiz Lab
Gaming
Minecraft
Type in answers that appear in a list
Type in answers that appear in a list
Classic
Best Score? Go Orange.
Minecraft furnace fuel Stats
Can you name the Minecraft furnace?
By
questr
4m
20 Questions
33 Plays
33 Plays
33 Plays
Comments
Comments
Give Quiz Kudos
Give Quiz Kudos
-
- Ratings
hide this ad
Replay
Link that replays current quiz
Next Quiz
Link to next quiz in quiz playlist
You Got
0%
They Got
Avg Score
26%
Avg Friend Score
Upgrade to see
Score Distribution
Jump to the score distribution portion of the page
Score
0/20
Timer
04:00
0
Plays Today
Hint
Answer
% Correct
wood
90.9%
coal
72.7%
charcoal
57.6%
sticks
39.4%
blaze rod
27.3%
block of coal
27.3%
bookshelf
24.2%
bucket of lava
24.2%
fence
24.2%
wood planks
21.2%
Hint
Answer
% Correct
wood tools
15.2%
crafting table
15.2%
jukebox
15.2%
wood slabs
15.2%
wood stairs
15.2%
saplings
15.2%
chest
9.1%
noteblock
9.1%
pressure plate
6.1%
mushroom block
3%
Quiz Playlist
Details
Report
Send in Message
Add To Playlist
Classic:
Type in answers that appear in a list
Last Updated: Feb 16, 2017
Quiz Scoreboard
CHALLENGE
Sign Up to Join the Scoreboard
Show All
Scores
Hide
Comments
May contain spoilers
Recently Published
One Thing in Common: World Cities II
by knightlancer
Geography
7m
Popular People in 1961
by mucciniale
History
6m
1-10 Letter E Words III
by El_Dandy
Language
2m
More to Explore
Quiz From the Vault
Featured Blog Post
Where Did the Easter Bunny Come From?
hide this ad
You Might Also Like...
Tags
Minecraft Quiz
Today's Top Quizzes in Gaming
Browse Gaming
hide this ad
Today's Top Quizzes in Minecraft
Browse Minecraft
Top Contributed Quizzes in Gaming
1
Destiny 2 exotic weapons by perk icons
2
Who's on the WWE 2K24 Cover?
3
Windmill: Pokémon
4
Overwatch 2 Heroes by Selection Quote
5
Overwatch 2: Ultimate Ability Icons
6
Genshin Impact Logic Puzzle
7
Genshin murder mystery
8
Legendary or Exotic?
9
Overwatch Logic Puzzle
10
Franchise by Action Figure
Explore More
Trending Topics
Anime
Crossword
Harry Potter
Marvel
NBA
Kpop
Disney
Pokémon
Song
NFL
Country
The Office
WWE
Puzzle
Soccer
hide this ad
More By:
questr
Quiz
Plays
Rating
Category
Featured
Created
Minecraft furnace fuel
33
Gaming
May 15, 2015
Go to Creator's Profile
Score Distribution
Quiz Creator Spotlight
questr
Follow
Send a Message
Quizzes Created
-
Created Quiz Play Count
-
More By This Creator
Popular Quizzes Today
1
Find the US States - No Outlines Minefield
2
The Countries of the World
3
Find the Countries of Europe - No Outlines Minefield
4
Popular People in 1961
5
1-10 Letter E Words III
6
Find the US States
7
One Thing in Common: World Cities II
8
US States
More Gaming Quizzes
Double Double Letter Pokémon (First Gen)
Published
Trending Quizzes
Risky Map Clicking: Least Populous States A-Z
1-10 Letter F Words
1-10 Letter G Words
One Thing in Common: United Kingdom
Risky Map Clicking: Next State Alphabetically
Recently Updated
Leaping Animals
pecheneg
Reality TV Shows (A-Z)
bhenderson79
Rickey Henderson's Hall of Fame Teammates
pecheneg
Champions League XIs: Arsenal
pecheneg
Quick Pick: Celebrities in WWE's Hall of Fame
aduchscher
A-Z Keypad Blitz II
pecheneg
Multiple Oscar Actors
pecheneg
Mystery Phrase Blitz: Oscar 'Best Actors'
pecheneg
F. Scott Fitzgerald Novels
LTH
Pick 3 Villains
ddd62291
Trending Topics
Harry Potter
Marvel
NBA
Disney
Kpop
Crossword
Anime
NFL
Soccer
WWE
Song
The Office
Pokémon
Puzzle
Country
Your Account Isn't Verified!
In order to create a playlist on Sporcle, you need to verify the email address you used during registration. Go to your
Sporcle Settings
to finish the process.
Report this User
Report this user for behavior that violates our
Community Guidelines
.
Details:
Send Report
Go to the Sporcle.com Mobile Site →
Comments